00506pab a2200169 454500008004000000100002000040245008400060260000900144300001400153362000800167650002500175650002400200650002700224650001700251700002000268773004800288180718b1995 xxu||||| |||| 00| 0 eng d aGosling, Amanda aTrade unions and the dispersion of earnings in British establishments, 1980-90. c1995 ap.167-184 aMay aLabour unions - U.K. aTrade unions - U.K. aWage bargaining - U.K. aWages - U.K. aMachin, Stephen aOxford Bulletin of Economics and Statistics